| 000 | 00721nam a2200241Ia 4500 | ||
|---|---|---|---|
| 005 | 20260429112133.0 | ||
| 008 | 260429s9999||||xx |||||||||||||| ||und|| | ||
| 020 | _a9781032323343 | ||
| 041 | _aEnglish | ||
| 082 |
_a332.01519 _bGEN |
||
| 100 | _aGentle, James E. | ||
| 245 | 0 |
_aStatistical analysis of financial data with examples in R / _cJames E. Gentle |
|
| 250 | _a1st ed. | ||
| 260 |
_aBoca Raton : _bCRC Press, _c2026. |
||
| 300 | _axix, 645 p.; pbk | ||
| 440 | _aChapman and Hall/CRC texts in statistical science series | ||
| 650 | _a Statistics | ||
| 650 | _aFinancial data | ||
| 700 | _a Tanner, Martin | ||
| 700 | _a Zidek, Jim | ||
| 700 | _aBlitzein, Joseph K. Faraway, Julian J. | ||
| 942 | _cTB | ||
| 999 |
_c52535 _d52535 |
||